| 000 | 00677nam a22002177a 4500 | ||
|---|---|---|---|
| 999 |
_c16559 _d16559 |
||
| 003 | AR-CdUCM | ||
| 008 | 190503b ||||| |||| 00| 0 spa d | ||
| 040 |
_aMUNICIPALIDAD PROVINCIAL DEL CUSCO _cBIBLIOTECA MUNICIPAL DEL CUSCO |
||
| 082 |
_a247 / _bS34 / 1951 |
||
| 100 |
_aScheroff y Avi, Martin _936067 |
||
| 245 |
_aEl cuarto mandamiento : _bDrama en un acto y en prosa / |
||
| 260 |
_aLima : _bSalesiana, _c1951. |
||
| 300 |
_a31 páginas ; _c18 cm. |
||
| 440 |
_aGalería dramática salesiana _936068 |
||
| 505 | _aContenido : Escenas | ||
| 650 |
_aDrama _9560 |
||
| 650 |
_aActo _936069 |
||
| 650 |
_aProsa _92210 |
||
| 942 |
_2ddc _cLIBROS |
||
| 945 |
_arah _d03/05/2019 |
||